[Event "IECG CN.2001.0.00257"]
[Site "IECG email"]
[Date "2001.08.05"]
[Round "?"]
[White "Ledingham, Tim"]
[Black "Venturas, Bob"]
[Result "0-1"]
[WhiteElo "800"]
[BlackElo "496"]
[PlyCount "52"]
[EventDate "2001.08.05"]
[EventType "tourn (corr)"]
[EventRounds "6"]
[SourceTitle "Corr 2008"]
[Source "ChessBase"]
[SourceDate "2008.06.24"]
[SourceVersion "1"]
[SourceVersionDate "2008.06.24"]
[SourceQuality "1"]

1. e4 e5 2. Nf3 d6 3. Nc3 Bg4 4. Be2 Nf6 5. 0-0 a6 6. a4 Be6 7. Ng5 Qe7 8. Nxe6 Qxe6 9. d3 h6 10. b4 Nc6 11. b5 Nd4 12. Be3 Be7 13. h3 0-0 14. Bxd4 exd4 15. Nd5 Nxd5 16. exd5 Qxd5 17. Bf3 Qc5 18. Bxb7 Ra7 19. Bxa6 c6 20. g3 Re8 21. h4 Bd8 22. Re1 Rae7 23. Rf1 Re2 24. bxc6 Qxc6 25. Bb5 Qf3 26. Bxe8 Bxh4 0-1

[Event "IECG CN.2001.0.00257"]
[Site "IECG email"]
[Date "2001.08.05"]
[Round "?"]
[White "Topot, Iwan"]
[Black "Ledingham, Tim"]
[Result "1-0"]
[WhiteElo "800"]
[BlackElo "800"]
[PlyCount "47"]
[EventDate "2001.08.05"]
[EventType "tourn (corr)"]
[EventRounds "6"]
[SourceTitle "Corr 2008"]
[Source "ChessBase"]
[SourceDate "2008.06.24"]
[SourceVersion "1"]
[SourceVersionDate "2008.06.24"]
[SourceQuality "1"]

1. e4 e5 2. Nf3 Nf6 3. Nxe5 d6 4. Nxf7 Kxf7 5. d4 c6 6. Nc3 b5 7. a3 a5 8. Bd3 Ba6 9. e5 Qe8 10. Qe2 b4 11. axb4 Bxd3 12. cxd3 dxe5 13. dxe5 Nd5 14. Qf3+ Kg8 15. Qe4 Bxb4 16. 0-0 Bxc3 17. bxc3 Nxc3 18. Qc4+ Nd5 19. f4 g6 20. Bd2 Kg7 21. f5 Qxe5 22. Rae1 Qb2 23. f6+ Qxf6 24. Rxf6 1-0